| 000 | 01523nam a2200385 a 4500 | ||
|---|---|---|---|
| 999 |
_c9926 _d9926 |
||
| 003 | BLK | ||
| 005 | 20250103112430.0 | ||
| 008 | 180412b bul|||||r ||||||| ||bul|| | ||
| 010 | _aKNG00011370000 | ||
| 020 | _a954-404-051-Х | ||
| 020 | _a954-404-051-0 | ||
| 040 | _aBLK | ||
| 041 |
_aBUL _cBUL |
||
| 080 |
_aБългарска литература _b821.163.2 _x-93-34 _z821.163.2-93-34 |
||
| 100 |
_aЕлин Пелин _qСтоянов, Димитър Иванов _9363511 |
||
| 139 |
_aЕлин Пелин _bЕ 53 |
||
| 245 | 1 | 0 |
_aПриказки _bТ. 1 - _cЕлин Пелин; худож. Костадинка Измирлиева; състав. на том Луко Захариев. _nТ. 1 |
| 257 | _aBGR | ||
| 260 |
_c1993 - _9209609 _aСофия _bВедрина _n954-404- |
||
| 300 | _c29 см | ||
| 380 | _aDX | ||
| 653 | _aприказки | ||
| 653 | _aлитература за деца | ||
| 653 | _aдетска литература | ||
| 700 | 1 |
_aИзмирлиева, Костадинка _eхудож. _9242487 |
|
| 700 |
_aЗахариев, Луко _d1945-2005 _gжурналист _qЦончев, Луко Захариев _9244812 |
||
| 760 | 1 |
_aЕлин Пелин _dВедрина, 1993 _h151 с. : с цв. ил. _tТ. 1 |
|
| 852 | _aЦб ІІ 16529 | ||
| 856 | 4 |
_qpdf _u |
|
| 856 | 4 |
_qpdf _u |
|
| 942 |
_cKNG _n0 _014 _s1 |
||
| 944 |
_aCR _c15.01.2003 _lБояна Костадинова _k30551 |
||
| 944 |
_aED _c05.06.2017 _lф / _kЛюдмила_Стоянова |
||
| 999 | _d9926 | ||